000 00403pab a2200157 454500
008 180718b xxu||||| |||| 00| 0 eng d
100 _aPremdas, Ralph R
245 _aFiji under a new political order: ethinicity and indigenous rights
650 _a Ethinicity
650 _a Rights
650 _a Government
650 _a Fiji
650 _aGovernment - Fiji
773 _aAsian Survey
909 _a1528
999 _c1528
_d1528